MARC details
| 000 -LEADER |
| fixed length control field |
02512cab a22005055a 4500 |
| 001 - CONTROL NUMBER |
| control field |
L146407 |
| 008 - FIXED-LENGTH DATA ELEMENTS--GENERAL INFORMATION |
| fixed length control field |
090116s2008 xxk f 000 0 eng d |
| 035 ## - SYSTEM CONTROL NUMBER |
| System control number |
(Sirsi) u146407 |
| 041 0# - LANGUAGE CODE |
| Language code of text/sound track or separate title |
eng |
| 100 1# - MAIN ENTRY--PERSONAL NAME |
| Personal name |
Davidson, Fraser |
| 245 00 - TITLE STATEMENT |
| Title |
Some thoughts on the Scottish Arbitration Code 2007 |
| 260 ## - PUBLICATION, DISTRIBUTION, ETC. |
| Date of publication, distribution, etc. |
2008 |
| 490 #0 - SERIES STATEMENT |
| Series statement |
Arbitration |
| Volume/sequential designation |
74(4) November 2008, 348-359(12) |
| 520 ## - SUMMARY, ETC. |
| Summary, etc. |
Commenting on a number of law cases, discusses selected aspects of the Scottish Arbitration Code 2007. Seeks to draw attention to noteworthy features of the Code and the questions which arise from it, but does not provide a comprehensive survey of the Code. Concludes that the points raised in the article will not arise as practical issues in most cases, but that the Code sometimes creates potential problems and raises questions to which there are no easy answers. |
| 590 ## - LOCAL NOTE (RLIN) |
| Local note |
KA |
| 650 24 - SUBJECT ADDED ENTRY--TOPICAL TERM |
| Topical term or geographic name entry element |
SCOTTISH ARBITRATION CODE 2007 |
| 650 24 - SUBJECT ADDED ENTRY--TOPICAL TERM |
| Topical term or geographic name entry element |
SCOTTISH ARBITRATION RULES 2007 |
| 650 24 - SUBJECT ADDED ENTRY--TOPICAL TERM |
| Topical term or geographic name entry element |
SCOTTISH ARBITRATION CODE 1999 |
| 650 24 - SUBJECT ADDED ENTRY--TOPICAL TERM |
| Topical term or geographic name entry element |
UNCITRAL MODEL LAW ON INTERNATIONAL COMMERCIAL ARBITRATION 1985 |
| 650 24 - SUBJECT ADDED ENTRY--TOPICAL TERM |
| Topical term or geographic name entry element |
JOHN G MCGREGOR (CONTRACTORS) LTD V GRAMPION REGIONAL COUNCIL |
| 650 24 - SUBJECT ADDED ENTRY--TOPICAL TERM |
| Topical term or geographic name entry element |
SIMPSON V STRACHAN |
| 650 24 - SUBJECT ADDED ENTRY--TOPICAL TERM |
| Topical term or geographic name entry element |
MORISON V ROBERTSON |
| 650 24 - SUBJECT ADDED ENTRY--TOPICAL TERM |
| Topical term or geographic name entry element |
TAYLOR WOODROW CONSTRUCTION (SCOTLAND) LTD V SEARS INVESTMENT TRUST LTD |
| 650 24 - SUBJECT ADDED ENTRY--TOPICAL TERM |
| Topical term or geographic name entry element |
GORDON V EARL OF ERROL |
| 650 24 - SUBJECT ADDED ENTRY--TOPICAL TERM |
| Topical term or geographic name entry element |
BREMNER V ELDER |
| 650 24 - SUBJECT ADDED ENTRY--TOPICAL TERM |
| Topical term or geographic name entry element |
IBA GUIDELINES ON CONFLICTS OF INTEREST IN INTERNATIONAL COMMERCIAL ARBITRATION |
| 650 24 - SUBJECT ADDED ENTRY--TOPICAL TERM |
| Topical term or geographic name entry element |
MUNICIPAL COUNCIL OF JOHANNESBURG HEYMAN V DARWINS |
| 650 24 - SUBJECT ADDED ENTRY--TOPICAL TERM |
| Topical term or geographic name entry element |
HARBOUR ASSURANCE CO UK LTD V KANSA GENERAL INSURANCE CO |
| 650 24 - SUBJECT ADDED ENTRY--TOPICAL TERM |
| Topical term or geographic name entry element |
FIONA TRUST AND HOLDING CORPORATION AND OTHERS V PRIVALOV AND OTHERS |
| 650 24 - SUBJECT ADDED ENTRY--TOPICAL TERM |
| Topical term or geographic name entry element |
GLENCOT DEVELOPMENT AND DESIGN CO LTD V BEN BARRETT AND SON (CONTRACTORS) LTD |
| 650 24 - SUBJECT ADDED ENTRY--TOPICAL TERM |
| Topical term or geographic name entry element |
ACORN FARMS LTD V SCHNURIGER |
| 650 24 - SUBJECT ADDED ENTRY--TOPICAL TERM |
| Topical term or geographic name entry element |
BLYTH AND BLYTH V CARILLION CONSTRUCTION LTD |
| 650 24 - SUBJECT ADDED ENTRY--TOPICAL TERM |
| Topical term or geographic name entry element |
DUNDEE CORP V GUTHRIE |
| 650 24 - SUBJECT ADDED ENTRY--TOPICAL TERM |
| Topical term or geographic name entry element |
CONSTRUCTION LTD V HM LOVE AND CO |
| 650 24 - SUBJECT ADDED ENTRY--TOPICAL TERM |
| Topical term or geographic name entry element |
FAIRLIE YACHT SLIP V LUMSDEN |
| 650 24 - SUBJECT ADDED ENTRY--TOPICAL TERM |
| Topical term or geographic name entry element |
MITCHELL V CABLE |
| 650 24 - SUBJECT ADDED ENTRY--TOPICAL TERM |
| Topical term or geographic name entry element |
HALL ASSOCIATES LLC V MATTEL INC |
| 650 24 - SUBJECT ADDED ENTRY--TOPICAL TERM |
| Topical term or geographic name entry element |
KLEIN V CATARA |
| 650 24 - SUBJECT ADDED ENTRY--TOPICAL TERM |
| Topical term or geographic name entry element |
WHATLINGS (FOUNDATIONS) LTD V SHANKS AND MCEWAN (CONTRACTORS )LTD |
| 650 24 - SUBJECT ADDED ENTRY--TOPICAL TERM |
| Topical term or geographic name entry element |
CBI NZ LTD V BADGER CHIYODA |
| 650 24 - SUBJECT ADDED ENTRY--TOPICAL TERM |
| Topical term or geographic name entry element |
METHANEX MOTUNUI LTD V SPELLMAN |
| 651 #4 - SUBJECT ADDED ENTRY--GEOGRAPHIC NAME |
| Geographic name |
Scotland |
| Chronological subdivision |
1707-1998 |
| 690 ## - LOCAL SUBJECT ADDED ENTRY--TOPICAL TERM (OCLC, RLIN) |
| Topical term or geographic name as entry element |
MANAGEMENT-DISPUTE AVOIDANCE, MANAGEMENT AND RESOLUTION-DISPUTE MANAGEMENT AND RESOLUTION-ARBITRATION |
| 942 ## - ADDED ENTRY ELEMENTS (KOHA) |
| Suppress in OPAC |
0 |